000 00299nam a22001337a 4500
008 181019b xxu||||| |||| 00| 0 eng d
020 _a9780782142679
041 _aeng
080 _a004
100 _a30
101 _aSHK
245 _aWindows Server 2003 Upgarrde
_cLisa.d
942 _2udc
_cBK
999 _c50174
_d50174